| 000 | 00497nam a2200181Ia 4500 | ||
|---|---|---|---|
| 008 | 100122s9999 xx 000 0 und d | ||
| 082 |
_b16196 _a320 |
||
| 100 | _aLASKI H J | ||
| 245 | _aA GRAMMAR OF POLITICS | ||
| 250 | _a0 | ||
| 260 |
_bGEORGE ALLEN & UNWIN LTD _c1963 |
||
| 300 | _a672 | ||
| 520 | _aमाळयावर गठ्ठा- 2 | ||
| 620 | _aमाळयावर गठ्ठा- 2 | ||
| 630 | _aA GRAMMAR OF POLITICS | ||
| 730 | _aA GRAMMAR OF POLITICS | ||
| 942 | _cBOOK | ||
| 999 |
_c365121 _d365118 |
||